| 000 | 01065nam a2200301 a 4500 | ||
|---|---|---|---|
| 001 | 33390 | ||
| 003 | BD-RjUL | ||
| 005 | 20211209052011.0 | ||
| 008 | 140507s1937 nyua 001 0 eng | ||
| 035 | _a(BD-RjUL)33481 | ||
| 040 |
_aDLC _cDLC _dBD-RjUL _beng |
||
| 041 | _aeng | ||
| 082 |
_a309.173 _bLYM 1937 |
||
| 100 | 1 |
_aLynd, Robert Staughton, _d1892-1970 _9101346 |
|
| 245 | 1 | 0 |
_aMiddletown in transition : _ba study in cultural conflicts / _cby Robert S. Lynd & Helen Merrell Lynd. |
| 260 |
_aNew York : _bHarcourt, Brace, _cc1937. |
||
| 300 |
_axviii, 604 p. : _bill. ; _c24 cm. |
||
| 500 | _aPlan on lining-papers. | ||
| 500 | _aIncludes bibliographical footnotes and index. | ||
| 650 | 0 |
_aCities and towns _zUnited States _9101347 |
|
| 650 | 0 |
_aCommunity life _9101348 |
|
| 651 | 0 |
_aUnited States _xSocial conditions _9101349 |
|
| 651 | 0 |
_aUnited States _xEconomic conditions _y1918-1945 _96810 |
|
| 651 | 0 |
_aUnited States _xReligion _y1901-1945 _9101350 |
|
| 700 | 1 |
_aLynd, Helen Merrell, _d1896-1982 _9101351 |
|
| 942 |
_2ddc _cBK |
||
| 999 |
_c33390 _d33390 |
||